000
00232nam a22000977a 4500
008
160510b xxu||||| |||| 00| 0 eng d
041
_a
eng
080
_a
61
245
_a
Art of advocacy summation:
_c
Lawrence J. Smith;
942
_2
udc
_c
BK
999
_c
1983
_d
1983